Sustainability, biodiversity, and land use planning (Record no. 68162)

MARC details
000 -LEADER
fixed length control field 00922cam a2200253 4500
001 - CONTROL NUMBER
control field ABS64427
008 - FIXED-LENGTH DATA ELEMENTS--GENERAL INFORMATION
fixed length control field 010905n2001 000 0 eng u
035 ## - SYSTEM CONTROL NUMBER
System control number (Sirsi) u114437
100 ## - MAIN ENTRY--PERSONAL NAME
Personal name Box, J
245 ## - TITLE STATEMENT
Title Sustainability, biodiversity, and land use planning
260 ## - PUBLICATION, DISTRIBUTION, ETC.
Date of publication, distribution, etc. 2001
490 ## - SERIES STATEMENT
Series statement Town & Country Planning
Volume/sequential designation 70(7&8) July/August 2001, 210-212(3)
520 ## - SUMMARY, ETC.
Summary, etc. Studies the approach taken by Telford towards its inter-linked open areas or 'Green Network' that helps provide sustainable patterns of development, as Telford protects the Green Network yet still remains a regional growth point.
590 ## - LOCAL NOTE (RLIN)
Local note ABS
650 ## - SUBJECT ADDED ENTRY--TOPICAL TERM
Topical term or geographic name entry element SUSTAINABLE DEVELOPMENT
650 ## - SUBJECT ADDED ENTRY--TOPICAL TERM
Topical term or geographic name entry element TELFORD
650 ## - SUBJECT ADDED ENTRY--TOPICAL TERM
Topical term or geographic name entry element LAND USE PLANNING
650 ## - SUBJECT ADDED ENTRY--TOPICAL TERM
Topical term or geographic name entry element BIODIVERSITY
650 ## - SUBJECT ADDED ENTRY--TOPICAL TERM
Topical term or geographic name entry element LANDSCAPING
690 ## - LOCAL SUBJECT ADDED ENTRY--TOPICAL TERM (OCLC, RLIN)
Topical term or geographic name as entry element ENVIRONMENTAL AND LAND CONSULTANCY-PLANNING AND DEVELOPMENT
700 ## - ADDED ENTRY--PERSONAL NAME
Personal name Cossons, V
700 ## - ADDED ENTRY--PERSONAL NAME
Personal name McKelvey, J
942 ## - ADDED ENTRY ELEMENTS (KOHA)
Suppress in OPAC 0
Holdings
Withdrawn status Lost status Source of classification or shelving scheme Damaged status Not for loan Home library Current library Shelving location Date acquired Total Checkouts Full call number Barcode Date last seen Copy number Price effective from Koha item type
    Dewey Decimal Classification     London London Journal article 05/09/2001   ABS64427 114437-1001 06/08/2019 1 06/08/2019 Journal article